Pays les plus proches de la Suisse - Statistiques

Statistiques générales
  • Ce quiz a été pris 987 fois
  • Le résultat moyen est 17 sur 20
Statistiques - réponses
km pays % Correct
0 Allemagne
100%
0 France
100%
0 Italie
99%
0 Autriche
94%
244 Belgique
92%
470 Espagne
89%
227 Luxembourg
86%
0 Liechtenstein
85%
376 Pays bas
83%
539 Pologne
83%
270 Croatie
80%
235 Monaco
78%
224 Slovenie
78%
337 Tchéquie
78%
429 Hongrie
77%
508 Slovaquie
77%
514 Vatican
76%
337 Saint Marin
72%
514 Andorre
70%
437 Bosnie
63%
Aucun quiz correspondant
Distribution des résultats
% des personnes avec chaque résultat
Percentile par nombre de réponses
Votre historique - résultats
Vous n’avez pas pris ce quiz